000 00412cam a22001457a 4500
008 180718b1972 xxu||||| |||| 00| 0 eng d
082 _aB67x5432 H215
100 _aHarcourt, A.F.P.
245 _aHimalayan districts of Kooloo, Lahoul and Spiti
_cby A.F.P. Harcourt
260 _aDelhi
_bVivek
_c1972
300 _a119p.
650 _aSpiti, India.
650 _aLahul (India)
650 _aKulu, India (District)
999 _c345507
_d345507